Responses for Show #3516 - Monday, December 13, 1999

Darlene Lieblich game 2.

Contestants

[<< previous game]

Brian Padian, a screenwriter from Los Angeles, California

Tate Garrett, a venture capitalist from Tampa, Florida

Darlene Lieblich, a television executive from Van Nuys, California (whose 1-day cash winnings total $8,700)

[next game >>]

Jeopardy! Round responses

LITERATURE
LEGAL LINGO
COUNTRY DIVAS
BETWEEN
IRAQ
A "HARD" PLACE
    $100 8
Tarzan

Darlene
    $100 1
Ransom

Darlene
    $100 15
LeAnn Rimes

Brian
    $100 19
Larry

Tate
    $100 6
Saddam Hussein

Darlene
    $100 17
Hardware

Brian
    $200 9
Ernest Hemingway

Brian
    $200 2
Seizure

Darlene
    $200 23
the Dixie Chicks

Brian
    $200 12
Gerald Ford

Tate
    $200 27
Iran

Tate
    $200 18
Die Hard

Brian
    $300 4
Beatrix Potter

Darlene
    $300 3
a juror

Brian
    $300 24
Dolly Parton

Darlene
    $300 13
"Little Men"

Brian
    $300 28
Kurds

Triple Stumper
    $300 20
"A Hard Day's Night"

Tate
    $400 10
(Brian: Who is Becky Thatcher?)

Aunt Polly

TateBrian
    $400 5
(Brian: What is an autopsy?)

Post mortem

TateBrian
    $400 25
Reba McEntire

Darlene
    $400 14
(Darlene: What is Star Wars?)

The Empire Strikes Back

DarleneBrian
    $700 29
(Tate: What is Kurdistan?)

Kuwait

Tate
    $400 21
Hard and fast

Darlene
    $500 11
"The House of the Seven Gables"

Brian
    $500 7
Petition

Triple Stumper
    $500 26
Faith Hill

Darlene
    $500 16
"Three French hens"

Tate
    $500 30
(Brian: What are the Hanging Gardens of Nebuchadnezzar?)
[Initially ruled incorrect; reversed before Double Jeopardy!: "Brian, our judges have ruled that since Nebuchadnezzar was king of Babylon, your response is acceptable, so you get $1000 back."]

the Hanging Gardens of Babylon

TateBrian
    $500 22
Hardball

Triple Stumper

Scores at the first commercial break (after clue 15):

Darlene Tate Brian
$400 $1,000 $1,000

Scores at the end of the Jeopardy! Round:

Darlene Tate Brian
$2,000 $1,900 $2,000

Double Jeopardy! Round responses

U.S. HISTORY
CHURCHES & CATHEDRALS
QUEENS IN OPERA
FORMER BIGWIGS
ANIMALS IN SHOWBIZ
POTPOURRI
    $200 20
Franklin D. Roosevelt

Darlene
    $200 24
(Alex: About a minute to go.)

Canterbury

Triple Stumper
    $200 6
Cleopatra

Darlene
    $200 2
Mr. Ed

Darlene
    $200 1
Blowhole

Darlene
    $400 5
Televisions

Tate
    $400 12
"Queen of Spades"

Brian
    $400 28
(Darlene: Who is Sadat?)
...
[The end-of-round signal sounds.]

Gamal Abdel Nasser

DarleneBrian
    $400 3
Charlie the Tuna

Brian
    $400 14
"Well Met"

Darlene
    $600 7
NAACP

Darlene
    $600 25
Jerusalem

Tate
    $600 15
Queen of Sheba

Darlene
    $600 13
Otto von Bismarck

Brian
    $600 4
(Brian: Who is Black Beauty?)

Francis the Talking Mule

Brian
Triple Stumper
    $600 17
"Blue Moon"

Tate
    $800 10
Daniel Webster

Triple Stumper
    $1,000 26
(Tate: What is the Vatican?)

The Sistine Chapel

Tate
    $800 16
Thomas Hardy

Tate
    $800 22
(Brian: Who was Castro?)

Fulgencio Batista

Brian
Triple Stumper
    $800 8
Baretta

Darlene
    $800 18
Clean sweep

Darlene
    $1000 11
Denmark

Darlene
    $1000 27
(Darlene: What is the Kremlin?)

St. Basil's

Darlene
Triple Stumper
    $2,000 21
(Darlene: What is The Silver Flute?)

The Magic Flute

Darlene
    $1000 23
(Darlene: Who was de Gaulle?)

Henri Marshal Petain

Darlene
Triple Stumper
    $1000 9
(Brian: Who is Sparky?)

Pete the Pup

DarleneBrian
    $1000 19
Stalemate

Tate

Scores at the end of the Double Jeopardy! Round:

Darlene Tate Brian
$3,600 $4,300 $1,400

[wagering suggestions for these scores]

Final Jeopardy! Round responses

STATE LICENSE PLATES
(Alex: Easy, there are only 50 of them!)
BrianWhat is Greatest Snow on Earth?
$1,400
DarleneWhat is Greatest Snow on Earth
$799
TateWhat is Shop
$2,901
"Greatest Snow on Earth" (skiing)

Final scores:

Darlene Tate Brian
$4,399 $1,399 $2,800
2-day champion: $13,099 3rd place: Yahoo! Shopping Spree 2nd place: Princess Cruise between Los Angeles & Vancouver

Game dynamics:

Coryat scores:

Darlene Tate Brian
$5,600 $6,000 $1,400
20 R,
5 W
(including 1 DD)
13 R,
2 W
(including 2 DDs)
14 R,
5 W

Combined Coryat: $13,000

[game clues] [game scores] [suggest correction]

Game tape date: 1999-10-26
The J! Archive is created by fans, for fans. Scraping, republication, monetization, and malicious use prohibited; this site may use cookies and collect identifying information. See terms. The Jeopardy! game show and all elements thereof, including but not limited to copyright and trademark thereto, are the property of Jeopardy Productions, Inc. and are protected under law. This website is not affiliated with, sponsored by, or operated by Jeopardy Productions, Inc. Join the discussion at JBoard.tv.